| 000 | 01445mam a22003491 4500 | ||
|---|---|---|---|
| 001 | 35221 | ||
| 003 | BD-RjUL | ||
| 005 | 20211209052300.0 | ||
| 008 | 140521s19581931mau 001 0 eng d | ||
| 035 | _a(OCoLC)364127 | ||
| 035 | _a(OCoLC)ocm00364127 | ||
| 035 | _a(CStRLIN)MIFG89-B30474 | ||
| 035 | _a(BD-RjUL)35315 | ||
| 035 | _a(NNC)1733939 | ||
| 040 |
_aNBiSU _cNBiSU _dMiFliC _dBD-RjUL _beng |
||
| 041 | 0 |
_aenglat _hlat |
|
| 082 |
_aTET 1958 _b189.2 |
||
| 100 | 0 |
_aTertullian, _dapproximately 160-approximately 230. _9107300 |
|
| 245 | 0 | 0 |
_aTertullian, Apology, De spectaculis / _cwith an English translation by t. R. Glover ... Minucius Felix, with an English translation by Gerald H. Rendall ... based on the unfinsihed version by W. C. A. Kerr. |
| 260 |
_aCambridge, Mass : _bHarvard University Press, _c1958. |
||
| 300 |
_axxvii, 445, [1] p. ; _c17 cm. |
||
| 490 | 1 | _aThe Loeb classical library. Latin [authors] | |
| 500 | _aLatin and English on opposite pages. | ||
| 500 | _aFirst published 1931. | ||
| 504 | _aIncludes index. | ||
| 650 | 0 |
_aApologetics _xHistory _yEarly church, ca. 30-600. _9107301 |
|
| 700 | 1 |
_aGlover, T. R. _q(Terrot Reaveley), _d1869-1943, _etranslator. _976314 |
|
| 700 | 1 |
_aRendall, Gerald H. _q(Gerald Henry), _d1851-1945, _etranslator. _9107302 |
|
| 700 | 1 |
_aKer, Walter C. A. _q(Walter Charles Alan), _d1853-1929, _etranslator. _9107303 |
|
| 830 | 0 |
_aLoeb classical library. _9107305 |
|
| 942 |
_2ddc _cBK |
||
| 999 |
_c35221 _d35221 |
||